Countries that speak Germanic languages with exceptions - Statistics

General Stats
  • This quiz has been taken 134 times
  • The average score is 12 of 14
Answer Stats
Country % Correct
Germany
96%
Sweden
94%
Denmark
93%
Norway
93%
Netherlands
92%
Austria
91%
Belgium
91%
Switzerland
91%
Luxembourg
87%
Iceland
85%
Liechtenstein
85%
Finland
73%
South Africa
60%
Suriname
46%
No matching quizzes found
Score Distribution
Percent of People with Each Score
Percentile by Number Answered
Your Score History
You have not taken this quiz